Zwycięzcy konkursów Pucharu Świata 2012/13 w skokach narciarskich - Statystyki

Ogólne statystyki
  • Ten quiz został rozwiązany 34 razy
  • Średni wynik to 24 z 28
Statystyki odpowiedzi
Data Miejscowość Skocznia Narodowość Zwycięzca % Poprawnych
25.11.2012 Lillehammer duża Austria Gregor Schlierenzauer
97%
8.12.2012 Krasnaja Polana normalna Austria Gregor Schlierenzauer
97%
16.12.2012 Engelberg duża Austria Gregor Schlierenzauer
97%
4.01.2013 Innsbruck duża Austria Gregor Schlierenzauer
97%
6.01.2013 Bischofshofen duża Austria Gregor Schlierenzauer
97%
26.01.2013 Vikersund mamucia Austria Gregor Schlierenzauer
97%
3.02.2013 Harrachov mamucia Austria Gregor Schlierenzauer
97%
3.02.2013 Harrachov mamucia Austria Gregor Schlierenzauer
97%
17.03.2013 Oslo duża Austria Gregor Schlierenzauer
97%
22.03.2013 Planica mamucia Austria Gregor Schlierenzauer
97%
12.03.2013 Kuopio duża Polska Kamil Stoch
94%
15.03.2013 Trondheim duża Polska Kamil Stoch
94%
24.11.2012 Lillehammer normalna Niemcy Severin Freund
91%
1.12.2012 Ruka duża Niemcy Severin Freund
91%
Polska Piotr Żyła
88%
27.01.2013 Vikersund mamucia Słowenia Robert Kranjec
84%
9.01.2013 Wisła duża Norwegia Anders Bardal
81%
19.01.2013 Sapporo duża Czechy Jan Matura
78%
20.01.2013 Sapporo duża Czechy Jan Matura
78%
24.03.2013 Planica mamucia Słowenia Jurij Tepeš
78%
16.02.2013 Oberstdorf mamucia Niemcy Richard Freitag
75%
10.03.2013 Lahti duża Niemcy Richard Freitag
75%
9.12.2012 Krasnaja Polana normalna Austria Andreas Kofler
72%
15.12.2012 Engelberg duża Austria Andreas Kofler
72%
30.12.2012 Oberstdorf duża Norwegia Anders Jacobsen
69%
1.01.2013 Garmisch-Partenkirchen duża Norwegia Anders Jacobsen
69%
12.01.2013 Zakopane duża Norwegia Anders Jacobsen
69%
13.02.2013 Klingenthal duża Słowenia Jaka Hvala
47%
Nie znaleziono quizów pasujących do podanych kryteriów
Rozkład punktacji
Procent ludzi z każdym wynikiem
Percentyl według liczby udzielonych odpowiedzi
Twoja historia wyników
Nie rozwiązałeś tego quizu